Daňové aspekty fúzií a akvizícií v Slovenskej republike a krajinách Európskej únie diplomová práca

Guardado en:
Detalles Bibliográficos
Autor principal: Lovichová, Zuzana
Autor Corporativo: Národohospodárska fakulta EU. Katedra financií
Otros Autores: Geško, Martin
Formato: Libro
Lenguaje:eslovaco
Publicado: Bratislava 2013
Etiquetas: Agregar Etiqueta
Sin Etiquetas, Sea el primero en etiquetar este registro!

MARC

LEADER 00000nbm a2200000 4500
001 0170484
005 20161109102348.9
041 0 |a slo 
044 |a SK 
245 1 0 |a Daňové aspekty fúzií a akvizícií v Slovenskej republike a krajinách Európskej únie  |b diplomová práca  |c Zuzana Lovichová ; školiteľ: Martin Geško 
264 1 |a Bratislava  |c 2013 
300 |a 68 s. 
100 1 |a Lovichová, Zuzana 
700 1 |a Geško, Martin 
710 2 |a Národohospodárska fakulta EU. Katedra financií